<?xml version="1.0" encoding="UTF-8"?>
<record
    xmlns:xsi="http://www.w3.org/2001/XMLSchema-instance"
    xsi:schemaLocation="http://www.loc.gov/MARC21/slim http://www.loc.gov/standards/marcxml/schema/MARC21slim.xsd"
    xmlns="http://www.loc.gov/MARC21/slim">

  <leader>02447nam a22003617a 4500</leader>
  <datafield tag="999" ind1=" " ind2=" ">
    <subfield code="c">22050</subfield>
    <subfield code="d">22050</subfield>
  </datafield>
  <controlfield tag="003">AR-CdUCM</controlfield>
  <controlfield tag="008">190515b           ||||| |||| 00| 0 spa d</controlfield>
  <datafield tag="040" ind1=" " ind2=" ">
    <subfield code="a">MUNICIPALIDAD PROVINCIAL DEL CUSCO</subfield>
    <subfield code="c">BIBLIOTECA MUNICIPAL DEL CUSCO</subfield>
  </datafield>
  <datafield tag="082" ind1=" " ind2=" ">
    <subfield code="a">MVirreynal/N&#xB0;1/1965</subfield>
  </datafield>
  <datafield tag="110" ind1=" " ind2=" ">
    <subfield code="a">Casa de la Cultura departamental del Cuzco</subfield>
    <subfield code="9">47291</subfield>
  </datafield>
  <datafield tag="245" ind1=" " ind2=" ">
    <subfield code="a">Revista del Museo Virreynal /</subfield>
    <subfield code="c">Casa de la Cultura del Per&#xFA;, Casa de la Cultura departamental del Cuzco, Museo Virreynal Cuzco</subfield>
  </datafield>
  <datafield tag="260" ind1=" " ind2=" ">
    <subfield code="a">Cusco :</subfield>
    <subfield code="b">H.G.Rozas,</subfield>
    <subfield code="b">Museo Virreynal Cuzco,</subfield>
    <subfield code="c">1965.</subfield>
  </datafield>
  <datafield tag="300" ind1=" " ind2=" ">
    <subfield code="a">56 p&#xE1;ginas. :</subfield>
    <subfield code="b">ilustraciones ;</subfield>
    <subfield code="c">28 cm.</subfield>
  </datafield>
  <datafield tag="440" ind1=" " ind2=" ">
    <subfield code="a">Revista del Museo Virreynal.</subfield>
    <subfield code="n">A&#xF1;o I, N&#xB0;1, diciembre 1965.</subfield>
    <subfield code="9">47292</subfield>
  </datafield>
  <datafield tag="505" ind1=" " ind2=" ">
    <subfield code="a">Contenido: El destino cultural de Am&#xE9;rica. Alfredo Y&#xE9;pez Miranda. -- Connotados juristas y magistrados una resoluci&#xF3;n expedida por la audiencia cuzque&#xF1;a. Alcides F. Estrada. -- Por la defensa de nuestros monumentos arqueol&#xF3;gicos. Luis A. Pardo. -- Tambo de Montero &#xE9;poca del Marqu&#xE9;z de Mancera. Clorinda Matto De Turner. -- Instituto de Investigaciones Est&#xE9;ticas. Mariano Fuentes Lira. -- Trabajos de reconstrucci&#xF3;n de los monumentos coloniales despu&#xE9;s del sismo de 1950 Arquitectura religiosa. Oscar Ladron de Guevara Avil&#xE9;s. -- El Museo V&#xED;rreynal. Carmela P&#xE9;rez De Alarc&#xF3;n -- El cura pintor Antonio Vald&#xE9;z y Ugarte. Te&#xF3;filo Benavente. -- Canto al Cuzco y sus piedras sagradas. Luis Nieto -- Los heraldos negros. Cesar Vallejo -- Yana Chasquicuna, versi&#xF3;n de los heraldos negros de Vallejo al Kechua. Efra&#xED;n Chavarr&#xED;a. -- Antonia Vega Centeno Bocangel. Carmela P&#xE9;rez de Alarc&#xF3;n. Homenaje del Museo a los pintores de los siglos XVII y XVIII. Te&#xF3;filo Benavente. -- Joyas de Arte del Museo Virreynal.</subfield>
  </datafield>
  <datafield tag="650" ind1=" " ind2=" ">
    <subfield code="a">Arquitectura religiosa</subfield>
    <subfield code="9">5651</subfield>
  </datafield>
  <datafield tag="650" ind1=" " ind2=" ">
    <subfield code="a">Pintura cusque&#xF1;a</subfield>
    <subfield code="9">7254</subfield>
  </datafield>
  <datafield tag="650" ind1=" " ind2=" ">
    <subfield code="a">Arte cusque&#xF1;o</subfield>
    <subfield code="9">13165</subfield>
  </datafield>
  <datafield tag="650" ind1=" " ind2=" ">
    <subfield code="a">Obras de arte</subfield>
    <subfield code="9">13563</subfield>
  </datafield>
  <datafield tag="650" ind1=" " ind2=" ">
    <subfield code="a">Clorinda Matto De Turner</subfield>
    <subfield code="9">29945</subfield>
  </datafield>
  <datafield tag="700" ind1=" " ind2=" ">
    <subfield code="a">Y&#xE9;pez Miranda, Alfredo</subfield>
    <subfield code="9">4230</subfield>
  </datafield>
  <datafield tag="700" ind1=" " ind2=" ">
    <subfield code="a">Estrada, Alcides</subfield>
    <subfield code="9">47179</subfield>
  </datafield>
  <datafield tag="700" ind1=" " ind2=" ">
    <subfield code="a">Pardo, Luis A</subfield>
    <subfield code="9">25736</subfield>
  </datafield>
  <datafield tag="700" ind1=" " ind2=" ">
    <subfield code="a">Fuentes Lira, Mariano</subfield>
    <subfield code="9">36631</subfield>
  </datafield>
  <datafield tag="700" ind1=" " ind2=" ">
    <subfield code="a">Ladr&#xF3;n de Guevara Avil&#xE9;s, Oscar</subfield>
    <subfield code="9">46572</subfield>
  </datafield>
  <datafield tag="700" ind1=" " ind2=" ">
    <subfield code="a">Benavente Velarde, Te&#xF3;filo</subfield>
    <subfield code="9">3145</subfield>
  </datafield>
  <datafield tag="700" ind1=" " ind2=" ">
    <subfield code="a">Nieto Miranda, Luis</subfield>
    <subfield code="9">31822</subfield>
  </datafield>
  <datafield tag="710" ind1=" " ind2=" ">
    <subfield code="a">Casa de la Cultura del Per&#xFA;</subfield>
    <subfield code="9">6211</subfield>
  </datafield>
  <datafield tag="710" ind1=" " ind2=" ">
    <subfield code="a">Museo Virreynal Cuzco</subfield>
    <subfield code="9">47293</subfield>
  </datafield>
  <datafield tag="856" ind1=" " ind2=" ">
    <subfield code="u">http://bvirtual.culturacusco.gob.pe/items/show/23</subfield>
    <subfield code="z">Leer digital</subfield>
  </datafield>
  <datafield tag="942" ind1=" " ind2=" ">
    <subfield code="2">ddc</subfield>
    <subfield code="c">PP</subfield>
  </datafield>
  <datafield tag="945" ind1=" " ind2=" ">
    <subfield code="a">vhl</subfield>
  </datafield>
  <datafield tag="952" ind1=" " ind2=" ">
    <subfield code="0">0</subfield>
    <subfield code="2">ddc</subfield>
    <subfield code="4">0</subfield>
    <subfield code="7">0</subfield>
    <subfield code="a">HEM</subfield>
    <subfield code="b">HEM</subfield>
    <subfield code="c">CART</subfield>
    <subfield code="d">2022-02-23</subfield>
    <subfield code="g">10.00</subfield>
    <subfield code="o">MVirreynal/N&#xB0;1/1965</subfield>
    <subfield code="p">REVC000858</subfield>
    <subfield code="r">2022-02-23</subfield>
    <subfield code="y">PP</subfield>
  </datafield>
</record>
